Alphabet adventure / (Record no. 6388)

MARC details
000 -LEADER
fixed length control field 01080cam a2200325 a 4500
001 - CONTROL NUMBER
control field 6388
003 - CONTROL NUMBER IDENTIFIER
control field FISKH
005 - DATE AND TIME OF LATEST TRANSACTION
control field 20250820123902.0
008 - FIXED-LENGTH DATA ELEMENTS--GENERAL INFORMATION
fixed length control field 001130s2001 nyua b 000 1 eng
010 ## - LIBRARY OF CONGRESS CONTROL NUMBER
LC control number 00067994
020 ## - INTERNATIONAL STANDARD BOOK NUMBER
International Standard Book Number 043908069X
040 ## - CATALOGING SOURCE
Original cataloging agency DLC
Transcribing agency DLC
Modifying agency DLC
Language of cataloging eng
050 ## - LIBRARY OF CONGRESS CALL NUMBER
Classification number PZ7.W846 A
082 ## - DEWEY DECIMAL CLASSIFICATION NUMBER
Classification number 428.1
100 1# - MAIN ENTRY--PERSONAL NAME
Personal name Wood, Audrey.
245 10 - TITLE STATEMENT
Title Alphabet adventure /
Statement of responsibility, etc. by Audrey Wood ; illustrated by Bruce Wood.
250 ## - EDITION STATEMENT
Edition statement First Scholastic paperback printing, January 2003
260 ## - PUBLICATION, DISTRIBUTION, ETC.
Place of publication, distribution, etc. New York :
Name of publisher, distributor, etc. Scholastic,
Date of publication, distribution, etc. 2001.
300 ## - PHYSICAL DESCRIPTION
Extent 30 unnumbered pages :
Other physical details color illustrations ;
Dimensions 23 x 26 cm.
505 ## - FORMATTED CONTENTS NOTE
Formatted contents note N<br/>
520 ## - SUMMARY, ETC.
Summary, etc. On their way to school, the little letters of the alphabet have to rescue little "i" and then find his dot before they can proceed.
521 8# - TARGET AUDIENCE NOTE
Target audience note 580<br/>
Source Lexile AD <br/>
521 8# - TARGET AUDIENCE NOTE
Target audience note N<br/>
Source Raz-Plus<br/>
650 #1 - SUBJECT ADDED ENTRY--TOPICAL TERM
Topical term or geographic name entry element Alphabet
Form subdivision Fiction.
650 #1 - SUBJECT ADDED ENTRY--TOPICAL TERM
Form subdivision Adventure
Source of heading or term Back to School
700 1# - ADDED ENTRY--PERSONAL NAME
Personal name Wood, Bruce Robert,
Relator term illustrator
906 ## - LOCAL DATA ELEMENT F, LDF (RLIN)
a 7
b cbc
c orignew
d 1
e ocip
f 20
g y-gencatlg
942 ## - ADDED ENTRY ELEMENTS (KOHA)
Source of classification or shelving scheme Dewey Decimal Classification
Koha item type Books
Suppress in OPAC No
Holdings
Withdrawn status Lost status Source of classification or shelving scheme Damaged status Not for loan Collection Home library Current library Shelving location Date acquired Total Checkouts Full call number Barcode Date last seen Copy number Price effective from Koha item type
    Dewey Decimal Classification     Juvenile Fiction Footprints International School Library Network Toul Kork Campus Footprints International School Library Network Toul Kork Campus TK Primary Library Room(4th Floor), Bookcase 3&4, Shelves 17-32, Yellow Books 04/28/2025   WOO 428.1 PZ7.W846 A FISBK06091 04/28/2025 1 04/28/2025 Books
    Dewey Decimal Classification     Juvenile Fiction Footprints International School Library Network Toul Tom Poung Campus Footprints International School Library Network Toul Tom Poung Campus TTP Primary Yellow Bookshelves 08/20/2025   WOO 428.1 PZ7.W846 A FISTK02269 08/20/2025 2 08/20/2025 Books